Date e Segno zodiacale - Quiz n°30 - Statistics

Statistiche generali
  • Questo quiz è stato fatto 6 volte
  • Il punteggio medio è 7 su 10
Statistiche sulle risposte
Hint Risposta % Corretto
9 ottobre Bilancia
100%
18 agosto Leone
83%
25 febbraio Pesci
83%
8 dicembre Sagittario
83%
11 maggio Toro
83%
5 giugno Gemelli
67%
17 giugno Gemelli
67%
18 giugno Gemelli
67%
7 febbraio Aquario
50%
19 gennaio Capricorno
50%
Nessun quiz corrispondente trovato
Distribuzione punteggi
Percentuale di utenti per punteggio
Percentile per numero di risposta
I tuoi punteggi nel tempo
Non hai fatto questo quiz